00446nam a22001457a 450000500170000001000150001702000260003203500140005803700130007208200150008524500630010026000590016327000530022230000250027520170201144942.0 aENG-117214 a9788192351858c550.00 aEN-100746 bDBAD/PUB a333.315457 aAspects of land policy in Assam :bcontiniuty and change / aGuwahtibVivekananda Kendra Institute of Culturec2012 aRiversized, Uzanbazar, M G RoadbGuwahtie781001 axiii,242p.c23cm(Hb)